00484nam a22001337a 4500003000500000038001800005082000800023100003700031245013900068264003300207650001800240700003400258856005800292NUST aNusrat Nadeem a200 aZaidi, Syed Muhammad Hani Haider aInfluence of Instagram Luxury Brand Advertisements on Urban Pakistani Women’s Purchase Decisions/cSyed Muhammad Hani Haider Zaidi,  aIslamabad:bNBS NUST.c2025. aExecutive MBA aSupervisor. Dr. Nabeel Safdar u http://10.250.8.41:8080/xmlui/handle/123456789/54544